Job and the human situation /

Bibliographic Details
Main Author: Wood, James, 1906-
Format: Book
Language:English
Published: London : Geoffrey Bles, [1966]
Subjects:

MARC

Tag First Indicator Second Indicator Subfields
LEADER 00000cam a2200000 4500
001 in00000051930
005 20151007080216.0
008 711222s1966 eng u
010 |a  66074845  
035 |a (OCoLC)00186446 
035 |9 AAF4421AM 
040 |c PCJ  |d TXA  |d UtOrBLW 
049 |a TXAM  |c [460522] 
090 |a BS1415.3  |b .W66 1966 
092 |a 221.2  |b W876j 
100 1 |a Wood, James,  |d 1906- 
245 1 0 |a Job and the human situation /  |c by James Wood. 
264 1 |a London :  |b Geoffrey Bles,  |c [1966] 
300 |a 158p. ;  |c 19cm. 
336 |a text  |b txt  |2 rdacontent 
337 |a unmediated  |b n  |2 rdamedia 
338 |a volume  |b nc  |2 rdacarrier 
500 |a Appendix, pages 144-158. 
630 0 0 |a Bible.  |p Job  |x Criticism, interpretation, etc. 
999 |a MARS 
999 f f |s 03855661-b775-3f95-bf96-88b7604447d3  |i 9032e285-2ecb-3d90-ac54-27cb42e46150  |t 0 
952 f f |p normal  |a Texas A&M University  |b College Station  |c Sterling C. Evans Library  |d Evans: Library Stacks  |t 0  |e BS1415.3 .W66 1966  |h Library of Congress classification  |i unmediated -- volume  |m A14800602752 
998 f f |a BS1415.3 .W66 1966  |t 0  |l Evans: Library Stacks